000 00464pab a2200169 454500
008 180718b2001 xxu||||| |||| 00| 0 eng d
100 _aGray, Clive
245 _aThe leadership factor in African policy reform and growth
260 _c2001
300 _ap.707-40.
362 _aJul
650 _aEconomic growth - Africa
650 _aEconomic growth
700 _aMc Pherson, Malcolm
773 _aEconomic Development and Cultural Change
909 _a52528
999 _c52528
_d52528